00322nam a2200109 a 4500008004100000020001500041050001500056100002500071245005000096260005700146350000900203120416s0000 ||||||||||||||||| || u a8187336218 aTP 370 Chi aChintamani, Raghuraj10aAdvances in agro industry and food processing aNew DelhibDorminant publishers & distributorsc1999 a0.00